Lincoln : (Record no. 1123)

MARC details
000 -LEADER
fixed length control field 01430cam a2200349 a 4500
005 - DATE AND TIME OF LATEST TRANSACTION
control field 20260322212048.0
008 - FIXED-LENGTH DATA ELEMENTS--GENERAL INFORMATION
fixed length control field data
010 ## - LIBRARY OF CONGRESS CONTROL NUMBER
LC control number 86033379
020 ## - INTERNATIONAL STANDARD BOOK NUMBER
International Standard Book Number 0395518482 (pbk.)
Terms of availability {dollar}15.95
020 ## - INTERNATIONAL STANDARD BOOK NUMBER
International Standard Book Number 9780395518489 (pbk.)
Terms of availability {dollar}15.95
040 ## - CATALOGING SOURCE
Original cataloging agency DLC
Transcribing agency DLC
Modifying agency DLC
042 ## - AUTHENTICATION CODE
Authentication code lcac
050 00 - LIBRARY OF CONGRESS CALL NUMBER
Classification number E457.905
Item number .F73 1987
051 ## - LIBRARY OF CONGRESS COPY, ISSUE, OFFPRINT STATEMENT
Classification number E457.905
Item number .F73 1987 Copy 2
Copy information Another copy.
051 ## - LIBRARY OF CONGRESS COPY, ISSUE, OFFPRINT STATEMENT
Classification number E457.905
Item number .F73 1987 Copy 3
Copy information Another copy.
082 00 - DEWEY DECIMAL CLASSIFICATION NUMBER
Classification number 92
-- B
-- 92
Edition information 19
001 - CONTROL NUMBER
control field data
100 1# - MAIN ENTRY--PERSONAL NAME
Personal name Freedman, Russell.
245 10 - TITLE STATEMENT
Title Lincoln :
Remainder of title a photobiography /
Statement of responsibility, etc. Russell Freedman & Alfred Whital Stern Collection of Lincolniana (Library of Congress).
260 ## - PUBLICATION, DISTRIBUTION, ETC.
Place of publication, distribution, etc. New York, N.Y. :
Name of publisher, distributor, etc. Clarion Books,
Date of publication, distribution, etc. c1987.
300 ## - PHYSICAL DESCRIPTION
Extent 150 p. :
Other physical details ill. ;
Dimensions 24 cm.
500 ## - GENERAL NOTE
General note Includes index.
504 ## - BIBLIOGRAPHY, ETC. NOTE
Bibliography, etc. note Bibliography: p. 142-143.
520 ## - SUMMARY, ETC.
Summary, etc. Photographs and text trace the life of the Civil War President.
600 10 - SUBJECT ADDED ENTRY--PERSONAL NAME
Personal name Lincoln, Abraham,
Dates associated with a name 1809-1865
Form subdivision Juvenile literature.
600 11 - SUBJECT ADDED ENTRY--PERSONAL NAME
Personal name Lincoln, Abraham,
Dates associated with a name 1809-1865.
650 #0 - SUBJECT ADDED ENTRY--TOPICAL TERM
Topical term or geographic name entry element Presidents
Geographic subdivision United States
Form subdivision Juvenile literature.
-- Juvenile literature.
650 #1 - SUBJECT ADDED ENTRY--TOPICAL TERM
Topical term or geographic name entry element Presidents.
710 2# - ADDED ENTRY--CORPORATE NAME
Corporate name or jurisdiction name as entry element Alfred Whital Stern Collection of Lincolniana (Library of Congress)
Institution to which field applies DLC
856 42 - ELECTRONIC LOCATION AND ACCESS
Materials specified Publisher description
Uniform Resource Identifier <a href="http://www.loc.gov/catdir/description/hm021/86033379.html">http://www.loc.gov/catdir/description/hm021/86033379.html</a>
856 42 - ELECTRONIC LOCATION AND ACCESS
Materials specified Contributor biographical information
Uniform Resource Identifier <a href="http://www.loc.gov/catdir/enhancements/fy0736/86033379-b.html">http://www.loc.gov/catdir/enhancements/fy0736/86033379-b.html</a>
Holdings
Withdrawn status Lost status Damaged status Not for loan Home library Current library Shelving location Date acquired Total checkouts Full call number Barcode Date last seen Price effective from Koha item type
        Franklin Franklin General stacks 22/03/2026   973.7/092/4 B 92 19 BC0011160 22/03/2026 22/03/2026 Books